|
|
|
|
| LEADER |
00000cam a22000002c 4500 |
| 001 |
1866306014 |
| 003 |
DE-627 |
| 005 |
20250207054829.0 |
| 007 |
cr uuu---uuuuu |
| 008 |
231019nuuuuuuuuxx |||||o 00| ||eng c |
| 035 |
|
|
|a (DE-627)1866306014
|
| 035 |
|
|
|a (DE-599)KXP1866306014
|
| 040 |
|
|
|a DE-627
|b ger
|c DE-627
|e rda
|
| 041 |
|
|
|a eng
|
| 084 |
|
|
|a 2,1
|2 ssgn
|
| 100 |
1 |
|
|a Kirchgässner, Gebhard
|e VerfasserIn
|4 aut
|
| 245 |
1 |
0 |
|a Econometric Estimates of Deterrence of the Death Penalty: Facts or Ideology
|
| 336 |
|
|
|a Text
|b txt
|2 rdacontent
|
| 337 |
|
|
|a Computermedien
|b c
|2 rdamedia
|
| 338 |
|
|
|a Online-Ressource
|b cr
|2 rdacarrier
|
| 520 |
|
|
|a In 2007, the Wall Street Journal published an article claiming that each execution saves more than 70 lives. This example is used to show how easy it is, using simple or advanced econometric techniques, to produce results that do or do not support the deterrence hypothesis. Moreover, we also point to some puzzles which have not been satisfactorily solved so far. We then present a critical survey of the papers published in the last ten years. It is shown how simple changes can produce quite different results using the same data. Finally, we draw some conclusions about the usefulness of statistical arguments in policy debates, but also on the moral questions involved in this particular debate.Death Penalty, Deterrence, Econometric Evidence, Ideology
|
| 650 |
|
4 |
|a Research
|
| 856 |
4 |
0 |
|u https://core.ac.uk/download/pdf/6387467.pdf
|x Verlag
|z kostenfrei
|3 Volltext
|7 0
|
| 935 |
|
|
|a mkri
|
| 951 |
|
|
|a BO
|
| ELC |
|
|
|a 1
|
| LOK |
|
|
|0 000 xxxxxcx a22 zn 4500
|
| LOK |
|
|
|0 001 4392949532
|
| LOK |
|
|
|0 003 DE-627
|
| LOK |
|
|
|0 004 1866306014
|
| LOK |
|
|
|0 005 20231019043628
|
| LOK |
|
|
|0 008 231019||||||||||||||||ger|||||||
|
| LOK |
|
|
|0 035
|a (DE-2619)CORE2553560
|
| LOK |
|
|
|0 040
|a DE-2619
|c DE-627
|d DE-2619
|
| LOK |
|
|
|0 092
|o n
|
| LOK |
|
|
|0 852
|a DE-2619
|
| LOK |
|
|
|0 852 1
|9 00
|
| LOK |
|
|
|0 935
|a core
|
| LOK |
|
|
|0 939
|a 19-10-23
|b l01
|
| OAS |
|
|
|a 1
|
| ORI |
|
|
|a SA-MARC-krimdoka001.raw
|